Wie viele Einwohner haben die größten Länder? - Statistiken

Allgemein
  • Dieses Quiz wurde 78 mal gespielt
  • Das Durchschnittsergebnis liegt bei 8 aus 20
Antwortstatistiken
Hint Antwort % Korrekt
Indien 1.450,936M
93%
China 1.419,321M
79%
Vereinigte Staaten 345,427M
72%
Mongolei 3,476M
63%
Mexiko 130,861M
53%
Russland 144,820M
51%
Indonesien 283,488M
51%
Brasilien 211,999M
47%
Iran 91,568M
44%
D.R. Kongo 109,276M
37%
Libyen 7,381M
37%
Sudan 50,449M
28%
Argentinien 45,696M
26%
Tschad 20,299M
19%
Australien 26,713M
19%
Peru 34,218M
19%
Kanada 39,742M
19%
Kasachstan 20,593M
12%
Saudi-Arabien 33,963M
12%
Algerien 46,814M
9%
Keine übereinstimmenden Quizze gefunden
Verteilung der Resultate
Anzahl Personen mit jedem Resultat
Perzentil nach korrekt beantworteten Fragen
Ihre Resultats-Entwicklung
Sie haben dieses Quiz noch nicht gespielt